| 000 | 00827nam a2200265 i 4500 | ||
|---|---|---|---|
| 001 | bg | ||
| 100 | 1 | _aNOWAK, Wiesław | |
| 245 | 1 | 0 |
_aKomputerowe modelowanie dynamiki białek transportowych i ich oddziaływań z ligandami / _cWiesław Nowak. |
| 260 |
_aToruń : _bWydaw. UMK, _c2000. |
||
| 300 |
_a144 s. : _bil. ; _c24 cm. |
||
| 490 | 1 | _aRozprawy / Uniwersytet Mikołaja Kopernika | |
| 500 | _aStreszcz. ang. | ||
| 504 | _aBibliogr. | ||
| 650 | 9 |
_aBiałko _xbiochemia _xbadanie _xmetody |
|
| 650 | 9 |
_aBiologia molekularna _xzagadnienia |
|
| 650 | 9 |
_aZwiązki kompleksowe _xbadanie |
|
| 830 | 0 | _aRozprawy (Uniwersytet Mikołaja Kopernika) | |
| 020 | _a8323111731 | ||
| 040 | _cBPK | ||
| 041 | 0 |
_apl _ben |
|
| 080 | _a577.2 | ||
| 920 | _a83-231-1173-1 | ||
| 942 | _cKS | ||
| 008 | s pl f |000 0 pol | ||
| 999 |
_c42395 _d42395 |
||
| 856 |
_uhttp://koha.tu.koszalin.pl/cgi-bin/koha/opac-detail.pl?biblionumber=42395 _yKatalog online BPK |
||